Prognostická štatistika Adaptívne metódy

Enregistré dans:
Détails bibliographiques
Auteur principal: Rublíková, Eva
Collectivité auteur: Ekonomická univerzita v Bratislave. Fakulta hospodárskej informatiky
Format: Livre
Langue:slovaque
Publié: Bratislava EU 1994
Édition:2. vyd.
Sujets:
Tags: Ajouter un tag
Pas de tags, Soyez le premier à ajouter un tag!

MARC

LEADER 00000nam a2200000 4500
001 c005201
005 20221214074729.6
020 |a 80-225-0556-0 
041 0 |a slo 
044 |a SK 
245 1 0 |a Prognostická štatistika  |b Adaptívne metódy  |c Eva Rublíková 
250 |a 2. vyd. 
264 1 |a Bratislava  |b EU  |c 1994 
300 |a 173 s. 
610 2 0 |a štatistika 
610 2 0 |a prognózy 
610 2 0 |a metódy prognostické 
610 2 0 |a rady časové 
610 2 0 |a modely štatistické 
100 1 |a Rublíková, Eva 
710 2 |a Ekonomická univerzita v Bratislave. Fakulta hospodárskej informatiky